000 00745nam a22002177a 4500
005 20100806154617.0
010 _aENG-98950
020 _c75.00
_a9788188787173
035 _aEN-82482
037 _bDBAD/PUB
082 _a331
100 _aArumugam, M. U.
_98811
245 _aCollectiv productivity bargaining in India :
_cby M. U. Arumugam
_blabour economics /
260 _aChennai
_bSudaroli Pathipagam
_c2009
270 _aNo. A3, 99, Panchali Amman Koil Street, Arumbakkam
_bChennai
_e600005
300 _a102 p.
_c20 cm. (Pbk)
650 _aLabour economics
_98812
700 _97380
942 _2ddc
_cEN
_h331
_mARU
999 _c40164
_d40164